000 00743nam0a2200289 4500
001 RU\NLR\ONL2\9699
005 20260412043847.0
010 _95000
035 _a(NLR Aleph) 009657288
090 _a13652772
_c13652772
100 _a20080529d1957 u y0rusy50 ca
101 0 _aaze
102 _aAZ
105 _ay |||||||||
200 1 _aАна үрәjи
_fБ. Адил
210 _aБакы
_cАзэрнэшр
_d1957
215 _a120 с.
_d17
541 1 _aСердце матери
_zrus
686 1 _aШ6(2=Аз)7-5
700 1 _aАдил
_bБ.
_4070
801 0 _aRU
_bNLR
_c20080531
_gPSBO
852 _aNLR
_bОНЛ
_jАзерб./2-8729
942 _cBOOK
980 _aONL_RF
980 _aNB